NFL Top 100 Players of 2023 - Statistics

General Stats
  • This quiz has been taken 360 times
  • The average score is 77 of 100
Answer Stats
Rank Team Position Answer % Correct
1. Chiefs QB Patrick Mahomes
100%
3. Eagles QB Jalen Hurts
98%
6. Bengals QB Joe Burrow
98%
2. Vikings WR Justin Jefferson
98%
5. Chiefs TE Travis Kelce
98%
7. Dolphins WR Tyreek Hill
98%
37. Eagles C Jason Kelce
97%
8. Bills QB Josh Allen
97%
10. Chiefs DT Chris Jones
96%
4. 49ers DE Nick Bosa
96%
52. Commanders DT Jonathan Allen
95%
16. Bills WR Stefon Diggs
95%
64. Packers RB Aaron Jones
94%
13. Raiders WR Davante Adams
94%
60. Cowboys CB Trevon Diggs
94%
11. Rams DT Aaron Donald
93%
70. Chargers LB Joey Bosa
93%
24. Ravens LB Roquan Smith
93%
22. Eagles WR A.J. Brown
92%
67. Lions WR Amon-Ra St. Brown
92%
100. Eagles WR DeVonta Smith
92%
77. Seahawks QB Geno Smith
92%
97. Vikings S Harrison Smith
92%
32. Chargers QB Justin Herbert
92%
84. Vikings DE Za'Darius Smith
92%
25. Titans RB Derrick Henry
91%
19. 49ers TE George Kittle
91%
72. Ravens QB Lamar Jackson
91%
9. Cowboys LB Micah Parsons
91%
34. Cowboys WR CeeDee Lamb
90%
39. Bengals WR Ja'Marr Chase
90%
12. Raiders RB Josh Jacobs
90%
20. Browns DE Myles Garrett
90%
40. Jets DT Quinnen Williams
90%
14. 49ers OT Trent Williams
90%
31. Giants RB Saquon Barkley
89%
51. Packers QB Aaron Rodgers
88%
35. 49ers RB Christian McCaffrey
88%
28. Giants DT Dexter Lawrence
88%
95. Lions RB Jamaal Williams
88%
17. Raiders DE Maxx Crosby
88%
23. Jets CB Sauce Gardner
88%
27. Steelers LB T.J. Watt
88%
47. Rams WR Cooper Kupp
87%
29. Browns RB Nick Chubb
87%
96. Jaguars QB Trevor Lawrence
87%
56. Cowboys QB Dak Prescott
86%
99. Cowboys DE Demarcus Lawrence
86%
15. 49ers LB Fred Warner
86%
44. Dolphins WR Jaylen Waddle
86%
42. Vikings QB Kirk Cousins
86%
61. 49ers WR Deebo Samuel
85%
18. Steelers S Minkah Fitzpatrick
85%
82. Dolphins QB Tua Tagovailoa
85%
53. Buccaneers WR Mike Evans
84%
74. Jets WR Garrett Wilson
83%
66. Lions QB Jared Goff
82%
36. Dolphins CB Jalen Ramsey
80%
21. Chargers RB Austin Ekeler
79%
26. Packers CB Jaire Alexander
79%
41. Eagles OT Lane Johnson
79%
86. Bears QB Justin Fields
78%
80. Ravens TE Mark Andrews
76%
49. Broncos CB Patrick Surtain II
76%
30. Chargers S Derwin James
75%
55. Cowboys RB Tony Pollard
75%
73. Cardinals S Budda Baker
67%
91. Vikings RB Dalvin Cook
67%
38. Chargers LB Khalil Mack
67%
45. Steelers DT Cameron Heyward
66%
94. Commanders WR Terry McLaurin
66%
50. Saints DE Cameron Jordan
65%
90. Cardinals WR DeAndre Hopkins
64%
68. Cowboys OG Zack Martin
63%
88. Lions DE Aidan Hutchinson
62%
75. Bengals DE Trey Hendrickson
61%
65. Eagles CB Darius Slay
60%
43. Saints LB Demario Davis
60%
58. Titans DT Jeffery Simmons
60%
59. Broncos S Justin Simmons
60%
54. Panthers DE Brian Burns
59%
33. Patriots LB Matthew Judon
59%
57. Bills S Jordan Poyer
58%
62. Rams LB Bobby Wagner
54%
92. Ravens CB Marlon Humphrey
53%
89. Saints CB Marshon Lattimore
53%
85. Texans OT Laremy Tunsil
51%
76. Seahawks CB Tariq Woolen
51%
98. Buccaneers OT Tristan Wirfs
51%
71. Colts DT DeForest Buckner
49%
79. 49ers LB Dre Greenlaw
48%
48. Eagles LB Haason Reddick
46%
69. Bills LB Matt Milano
46%
83. Dolphins OT Terron Armstead
42%
78. 49ers S Talanoa Hufanga
41%
81. Dolphins DT Christian Wilkins
39%
46. Jets LB C.J. Mosley
39%
87. Falcons OG Chris Lindstrom
36%
63. Falcons DT Grady Jarrett
34%
93. Vikings LB Eric Kendricks
22%
No matching quizzes found
Score Distribution
Percent of People with Each Score
Percentile by Number Answered
Your Score History
You have not taken this quiz